000 00439nam a22001817a 4500
999 _c167037
_d167037
010 _aENG-126242
020 _a9781980581031
_c325.00
035 _aEN-109774
037 _bDBAD/PUB
082 _aS
100 _aGoyal,Arunesh
245 _a31 Fateful Stories/
_cby Arunesh Goyal
260 _a Delhi
_bArunesh Goyal
_c2018
270 _aShahadra
_b Delhi
300 _a101p.
_b20cm(pbk)
760 _b2
942 _2ddc
_cEN
_hS
_mGOY